History Quiz

Random History or Animal Quiz

Space Milestones Quiz Stats

 Plays Quiz Updated Feb 9, 2015

Score 0/20 Timer 07:00
1 Play Today
Milestone Person/Animal/Mission % Correct
First artificial satellite*Sputnik 1
86.1%
First man on the moonNeil Armstrong
82.2%
First man in spaceYuri Gagarin
56.8%
First man to orbit EarthYuri Gagarin
56.8%
First continuously inhabited space stationMir
45.5%
First manned mission to orbit the moon*Apollo 8
42.8%
First animal in spaceLaika
32.9%
First reuseable manned spacecraft*Columbia/STS-1
23.4%
First international space missionApollo-Soyuz Test Project (ASTP)
15.2%
First woman in spaceValentina Tereshkova
12.3%
Milestone Person/Animal/Mission % Correct
First in-space vehicle docking*Gemini 8
9.4%
First EVA (Extravehicular activity)Aleksei Leonov
5.1%
First space station*Salyut 1
4.9%
First untethered EVA (1)Bruce McCandless
2.7%
First man to die during a space missionVladimir Komarov
2.4%
First piece of the ISS launched*Zarya
1.9%
First female EVASvetlana Savitskaya
1.1%
First untethered EVA (2)Robert Stewart
1%
Longest time in space on a single mission (437 days, 18 hours)Valery Polyakov
0.9%
First Russian to fly on a U.S. spacecraftSergei Krikalev
0.8%

You're not logged in!

Compare scores with friends on all Sporcle quizzes.
OR
Log In

Show Comments

Extras

Top Quizzes Today


Score Distribution

Your Account Isn't Verified!

In order to create a playlist on Sporcle, you need to verify the email address you used during registration. Go to your Sporcle Settings to finish the process.

Report this User

Report this user for behavior that violates our Community Guidelines.

Details: